<?xml version="1.0" encoding="UTF-8"?>
<record
    xmlns:xsi="http://www.w3.org/2001/XMLSchema-instance"
    xsi:schemaLocation="http://www.loc.gov/MARC21/slim http://www.loc.gov/standards/marcxml/schema/MARC21slim.xsd"
    xmlns="http://www.loc.gov/MARC21/slim">

  <leader>01083nam a2200229 a 4500</leader>
  <controlfield tag="001">BRCA_5751</controlfield>
  <controlfield tag="005">20190321142933.0</controlfield>
  <controlfield tag="008">040311s1946----nyu#######---#000-0#eng-#</controlfield>
  <datafield tag="041" ind1=" " ind2=" ">
    <subfield code="a">eng</subfield>
  </datafield>
  <datafield tag="044" ind1=" " ind2=" ">
    <subfield code="a">nyu</subfield>
  </datafield>
  <datafield tag="050" ind1=" " ind2="4">
    <subfield code="b">.P65 2 1946</subfield>
  </datafield>
  <datafield tag="245" ind1="1" ind2="0">
    <subfield code="a">Political Science Quarterly</subfield>
    <subfield code="c">edited for the Academy of Political Science by the Faculty of Political Science of Columbia University.</subfield>
  </datafield>
  <datafield tag="260" ind1=" " ind2=" ">
    <subfield code="a">Nueva York</subfield>
    <subfield code="b">Academy of Political Science</subfield>
    <subfield code="c">1946</subfield>
  </datafield>
  <datafield tag="300" ind1=" " ind2=" ">
    <subfield code="a">13 v.</subfield>
    <subfield code="c">21 cm.</subfield>
  </datafield>
  <datafield tag="500" ind1=" " ind2=" ">
    <subfield code="a">Ver tambi&#xE9;n G1</subfield>
  </datafield>
  <datafield tag="500" ind1=" " ind2=" ">
    <subfield code="a">H67</subfield>
  </datafield>
  <datafield tag="505" ind1="0" ind2=" ">
    <subfield code="a">Contenido: v.1. LVII Sept. 1943 No.3. -- v.2. LVII Dec. 1943 No.4. -- v.3. XX Jan. 1944 No.4. -- v.4. XX Mar. 1944 No.1. -- v.5. XXI May. 1944 No.1. -- v.6. LIX Jun. 1944 No.2. -- v.7. LIX Sept. 1944 No.3. -- v.8. XXI Jan. 1945 No.2. -- v.9. XL Mar. 1945 No.1. -- v.10. XXI May. 1945 No.3. -- v.11. XXI Jun. 1945 No.2. -- v.12. XXI Dic. 1945 No.4. -- v.13. LX Mar. 1946 No.1</subfield>
  </datafield>
  <datafield tag="650" ind1="1" ind2="4">
    <subfield code="a">Ciencia pol&#xED;tica</subfield>
    <subfield code="z">Estados Unidos</subfield>
    <subfield code="9">14589</subfield>
  </datafield>
  <datafield tag="710" ind1="2" ind2=" ">
    <subfield code="a">Columbia University</subfield>
    <subfield code="b">Academy of Political Science</subfield>
    <subfield code="9">14590</subfield>
  </datafield>
  <datafield tag="902" ind1=" " ind2=" ">
    <subfield code="a">GFM</subfield>
  </datafield>
  <datafield tag="942" ind1=" " ind2=" ">
    <subfield code="2">lcc</subfield>
    <subfield code="c">B</subfield>
  </datafield>
  <datafield tag="999" ind1=" " ind2=" ">
    <subfield code="c">5441</subfield>
    <subfield code="d">5441</subfield>
  </datafield>
  <datafield tag="952" ind1=" " ind2=" ">
    <subfield code="0">0</subfield>
    <subfield code="1">0</subfield>
    <subfield code="4">0</subfield>
    <subfield code="7">0</subfield>
    <subfield code="a">BRCA</subfield>
    <subfield code="b">BRCA</subfield>
    <subfield code="d">2011-03-07</subfield>
    <subfield code="i">H67</subfield>
    <subfield code="l">0</subfield>
    <subfield code="o">.P65 2 1946 (H67)</subfield>
    <subfield code="p">6190</subfield>
    <subfield code="r">2019-03-22 00:00:00</subfield>
    <subfield code="w">2019-03-22</subfield>
    <subfield code="y">B</subfield>
  </datafield>
</record>
